مكتبة جامعة عجلون الوطنية

فهرس بحث المكتبة

الألعاب التربوية في الطفولة المبكرة (Record no. 21906)

MARC details
000 -LEADER
fixed length control field 00867nam a2200229Ii 4500
003 - CONTROL NUMBER IDENTIFIER
control field JO-AjNU
008 - FIXED-LENGTH DATA ELEMENTS--GENERAL INFORMATION
fixed length control field 230605s9999||||xx |||||||||||||| ||und||
017 ## - COPYRIGHT OR LEGAL DEPOSIT NUMBER
Copyright or legal deposit number 2006/7/1937
020 ## - INTERNATIONAL STANDARD BOOK NUMBER
International Standard Book Number 9957-07-473-3
040 ## - CATALOGING SOURCE
Original cataloging agency JO-AjNU
Language of cataloging ara
Description conventions rda
Transcribing agency JO-AjNU
041 ## - LANGUAGE CODE
Language code of text/sound track or separate title ara
050 14 - LIBRARY OF CONGRESS CALL NUMBER
Classification number LB1180.Q236 2007
100 3# - MAIN ENTRY--PERSONAL NAME
Personal name قنديل، محمد متولي مؤلف/بدوي، رمضان مسعد م.مشارك,
Relator term author
9 (RLIN) 42769
245 00 - TITLE STATEMENT
Title الألعاب التربوية في الطفولة المبكرة
250 ## - EDITION STATEMENT
Edition statement ط1
264 31 - PRODUCTION, PUBLICATION, DISTRIBUTION, MANUFACTURE, AND COPYRIGHT NOTICE
Place of production, publication, distribution, manufacture عمان:دار الفكر،2007
300 ## - PHYSICAL DESCRIPTION
Extent 423ص
Other physical details مصور
336 ## - CONTENT TYPE
Content type term text
Content type code txt
Source rdacontent
337 ## - MEDIA TYPE
Media type term unmediated
Media type code n
Source rdamedia
338 ## - CARRIER TYPE
Carrier type term volume
Carrier type code nc
Source rdacarrier
650 #4 - SUBJECT ADDED ENTRY--TOPICAL TERM
Topical term or geographic name entry element رياض الأطفال-مناهج. أطفال ما قبل المدرسة-تعليم-رياض الأطفال-برامج النشطة
9 (RLIN) 42770
Holdings
Withdrawn status Lost status Source of classification or shelving scheme Damaged status Not for loan Home library Current library Shelving location Date acquired Total Checkouts Full call number Barcode Date last seen Price effective from Koha item type
    Library of Congress Classification     مكتبة جامعة عجلون الوطنية مكتبة جامعة عجلون الوطنية المجموعات العامة 06/06/2023   LB1180.Q236 2007 A18338 06/06/2023 06/06/2023 Books